| 000 | 01524nam a22004097a 4500 | ||
|---|---|---|---|
| 003 | CHAP | ||
| 005 | 20220329143243.0 | ||
| 008 | 070918s2007 mx r 00010 spa d | ||
| 010 | _a94002 | ||
| 011 | _a94974 | ||
| 035 | _a105577 | ||
| 040 | _cCHAP | ||
| 090 | _aTesis | ||
| 100 | 1 |
_aJuárez Serrano, María Bernardina. _962488 |
|
| 245 | 1 | 0 |
_aEducación para la salud: _blos estilos de vida en los académicos de la Universidad Autónoma Chapingo _c/por María Bernardina Juárez Serrano |
| 260 |
_aChapingo, Méx. : _bEl autor, _c2007 |
||
| 300 |
_a145 h. : _bcuadros. |
||
| 502 | _aTesis (M.C. en Procesos Educativos) -- UACH. Centro de Educación Continua | ||
| 530 | _aTambién disponible en línea | ||
| 590 |
_aALEPH _b10 _c20130110 _lUCH01 _h1519 |
||
| 590 |
_aBATCH-UPD _b10 _c20130110 _lUCH01 _h0358 |
||
| 590 |
_aBATCH-UPD _b10 _c20130410 _lUCH01 _h0031 |
||
| 590 |
_aBATCH-UPD _b10 _c20130914 _lUCH01 _h0255 |
||
| 590 |
_aBATCH-UPD _b10 _c20140324 _lUCH01 _h1504 |
||
| 590 |
_aBATCH-UPD _b10 _c20141002 _lUCH01 _h0834 |
||
| 590 |
_aCONVERSION _b10 _c20130109 _lUCH01 _h1352 |
||
| 650 | 1 | 4 |
_aAlimentación. _94109 |
| 650 | 1 | 4 |
_aEducación. _935409 |
| 650 | 1 | 4 |
_aNutrición _xEstudio y enseñanza. _982256 |
| 650 | 1 | 4 |
_aSalud. _9101807 |
| 856 |
_3Finding aid _uhttp://10.13.5.2/tesis/105577.pdf _zTeclea aqui |
||
| 901 | _aBK | ||
| 905 | _aElisama A. H. | ||
| 942 | _cFOLL | ||
| 949 |
_aTesis _bBC _cTES _d33724002037538 _eTS1 _h46878 _i105577 _sb |
||
| 949 |
_aTesis _bBC _cTES _d33724002037579 _eTS2 _fc.2 _h46879 _i105577 _sb |
||
| 999 |
_c94002 _d94002 |
||